Statistics for Regions Bordering India Map Quiz

Click here to take the quiz!

General Stats

  • This quiz has been taken 249 times
  • The average score is 10 of 29

Answers on the Map

Answers color-coded by a green-red scale on the quiz's map according to % correct below.
 

Answer Stats

Answer% Correct
Tibet
87%
Punjab
86%
Xinjiang
78%
Azad Kashmir
68%
Sindh
64%
Chittagong
59%
Gilgit-Baltistan
57%
Rajshahi
35%
Rangpur
34%
Sylhet
34%
Chin
32%
Khulna
32%
Nepalmandal
32%
Kachin
29%
Mymensingh
26%
Lumbini
20%
Sagaing
20%
Sudurpashchim
20%
Madhesh
19%
Trashigang
19%
Trashiyangtse
18%
Gandaki
17%
Koshi
17%
Zhemgang
16%
Haa
15%
Chukha
14%
Samdrup Jongkhar
14%
Sarpang
14%
Samtse
13%

Score Distribution

Percentile by Number Answered

Percent of People with Each Score

Your Score History

You have not taken this quiz